| 000 | 00428nam a22001697a 4500 | ||
|---|---|---|---|
| 003 | OSt | ||
| 008 | 241022b |||||||| |||| 00| 0 eng d | ||
| 020 | _a9788131205679 | ||
| 082 | _a687.2 HIF | ||
| 100 | _aHINES, Tony and BRUCE, Margaret ed. | ||
| 245 | _aFashion Marketing: Contemporary Issues | ||
| 250 | _a1st. ed. | ||
| 260 |
_aNew Delhi, _bElsevier, _c2006, |
||
| 300 | _a243 p. | ||
| 650 | _aB.FAD. | ||
| 942 |
_2ddc _cREF |
||
| 999 |
_c12940 _d12940 |
||